00553nam a22001697a 450000500170000001000150001702000260003203500140005803700130007208200110008510000210009624501190011726000370023627000710027330000190034470000200036320190529153017.0 aENG-125394 a9788188569564c125.00 aEN-108926 bDBAD/PUB a410.92 aRamanna, Mridula aFounders and guardians of the Asiatic society of Mumbai :cby Ramanna Mridula ; ed by Aroon TikekarbEdward Moor / aMumbaibIndus Source Booksc2014 aPO Box 6194, Malabar Hill PObMumbaie400006minfo@indussource.com a95pc22cm(pbk) aTikekar, Aroon